02551cam a2200529 i 4500001001200000003000600012005001700018008004100035020004800076035002200124035002300146040008100169045001700250046000900267100003900276245023700315260012200552300006300674336002700737337005400764338002800818380001600846380002300862388001000885490005100895490012500946500004301071504004601114648001901160648001901179650003401198650002901232650002501261650002801286650007001314651002801384651007801412655002001490655003501510658001301545658005101558658002801609710010601637710013501743830004901878830009401927xx004846867NUKAT20260427130338.0200422s2020 pl a g |001 0 pol c a9788380988095q(oprawa twarda) :czł 40,00 a(OCoLC)1153300686 a(NUKAT)xx004846867 aKAT U/AMbpolerdacKAT U/AMsdKAT U/AMdKR 253/MHdWA 14/ABsdOLSZT 008/bak2 bd1945bd1989 k20201 aGucewicz, Danield(1983- ).eAutor10aKalwaryjska rebelia :bz historii wybranych sanktuariów Pomorza Gdańskiego w okresie Polski Ludowej /cDaniel Gucewicz ; Instytut Pamięci Narodowej. Komisja Ścigania Zbrodni przeciwko Narodowi Polskiemu Oddział w Gdańsku. aGdańsk ;aWarszawa :bInstytut Pamięci Narodowej. Komisja Ścigania Zbrodni przeciwko Narodowi Polskiemu,c2020. a366, [2] strony, [16] stron tablic :bilustracje ;c25 cm. aTekstbtxt2rdacontent aBez urządzenia pośredniczącegobn2rdamedia aWoluminbnc2rdacarrier aKsiążki aPublikacje naukowe1 a2001-1 aPublikacje Gdańskiego Oddziału IPN ;vt. 761 aCentralny Projekt Badawczy IPN Władze Komunistyczne wobec Kościołów i Związków Wyznaniowych w Polsce 1944-1989 aNa 4 stronie okładki: Seria Gdańsk. aBibliografia na stronach 341-353. Indeks. 7a1901-20002DBN 7a1945-19892DBN 7aKościół a państwo2DBN 7aPolityka wyznaniowa2DBN 7aReligijność2DBN 7aSanktuaria maryjne2DBN 7aSanktuariazPolskazPomorze Gdańskie (region)y1945-1990.2kaba 7aPomorze Gdańskie2DBN 7aPomorze Gdańskie (Polska ; region)xżycie religijney1945-1990.2kaba 7aMonografia2DBN 7aWydawnictwo źródłowe2DBN aHistoria aPolityka, politologia, administracja publiczna aReligia i duchowość2 aInstytut Pamięci Narodowej - Komisja Ścigania Zbrodni przeciwko Narodowi Polskiemu.eWydawca4pbl2 aInstytut Pamięci Narodowej - Komisja Ścigania Zbrodni przeciwko Narodowi Polskiemu.bOddział (Gdańsk).eInstytucja sprawcza 0aPublikacje Gdańskiego Oddziału IPNvt. 76 0aWładze Komunistyczne wobec Kościołów i Związków Wyznaniowych w Polsce 1944-1989